|
|
|
|
| LEADER |
00000nab a2200000 a 4500 |
| 001 |
vtls009172876 |
| 003 |
SK-MaSNL |
| 005 |
20260304152642.0 |
| 008 |
250506c2007 xo zr|p|||||||000 b|slo |
| 015 |
|
|
|a SNBRB2008/01
|2 snkbucl
|
| 035 |
|
|
|a (sysno)vtls009172876
|
| 035 |
|
|
|a urn:nbn:sk:snk-ab6scg
|
| 035 |
|
|
|a (uuid)656fdd28-d68e-45e8-ad1c-b91da1d35fac
|
| 035 |
|
|
|a (urnnbn)urn:nbn:sk:snk:ar-a05hxs
|
| 038 |
|
|
|a SNKBUCL
|
| 040 |
|
|
|a SNKBUCL
|b slo
|c SNKBUCL
|e AACR2
|
| 041 |
0 |
|
|a eng
|b eng
|
| 044 |
|
|
|a xo
|c SK
|
| 080 |
|
|
|a 330.1:339.13.025.2
|2 2001
|
| 080 |
|
|
|a 339.13.025.2
|2 2001
|
| 080 |
|
|
|a 330.83
|2 2001
|
| 100 |
1 |
|
|a Přívarová, Magdaléna,
|d 1955-
|4 aut
|9 216193
|
| 245 |
1 |
0 |
|a Teória regulovania a jej vzťah k hlavným prúdom ekonomického myslenia
|c Magdaléna Přívarová
|
| 246 |
3 |
1 |
|a The regulation theory and its relation to main streams of economic thought
|
| 504 |
|
|
|a Bibliogr. odkazy
|
| 546 |
|
|
|a Res. angl.
|
| 650 |
0 |
7 |
|a ekonomické teórie
|2 snkbucl
|9 2164
|
| 650 |
0 |
7 |
|a teória regulovania
|2 snkbucl
|9 1475099
|
| 773 |
0 |
|
|t Ekonomický časopis = Journal of Economics
|g Roč. 55, č. 9 (2007), s.
|x 0013-3035
|
| 850 |
|
|
|a Slovenská národná knižnica
|
| 852 |
|
|
|a Slovenská národná knižnica
|
| 958 |
|
|
|a article27
|
| 958 |
|
|
|a NB
|
| 958 |
|
|
|a OND
|
| 958 |
|
|
|a EUIPO
|
| 999 |
|
|
|c 2950284
|d 2952214
|